[Event "Vladimir Dvorkovich Mem"]
[Site "Taganrog RUS"]
[Date "2015.01.20"]
[Round "3.6"]
[White "Smirnov, P."]
[Black "Girya, O."]
[Result "1/2-1/2"]
[WhiteElo "2585"]
[BlackElo "2466"]
[PlyCount "152"]
[EventDate "2015.01.18"]
[EventType "swiss"]
[EventRounds "9"]
[EventCountry "RUS"]

[SourceDate "2015.01.26"]

1. d4 d5 2. c4 c6 3. Nc3 dxc4 4. e4 b5 5. a4 b4 6. Nb1 Ba6 7. Qc2 Qxd4 8. Nf3
Qb6 9. Be3 Qc7 10. Nbd2 e6 11. Bxc4 Bxc4 12. Nxc4 Nf6 13. O-O Nbd7 14. Rac1 Be7
15. e5 Nd5 16. Bg5 O-O 17. Bxe7 Nxe7 18. Ng5 Nf5 19. Nd6 h6 20. Nxf5 exf5 21.
e6 hxg5 22. exd7 Qxd7 23. Rfd1 Qe6 24. Qxc6 Qxc6 25. Rxc6 Rfc8 26. Rxc8+ Rxc8
27. g3 Rc2 28. Rd7 a6 29. Rd6 Rxb2 30. Rxa6 Ra2 31. a5 b3 32. Rb6 b2 33. Kg2
Kh7 34. a6 Rxa6 35. Rxb2 Kg6 36. Rb4 Ra2 37. h3 Re2 38. Kf3 Re5 39. Rb6+ Re6
40. Rb4 Kh5 41. Rb5 Rf6 42. Kg2 Kg6 43. Kf3 Rc6 44. Rb4 Kf6 45. Ra4 Rd6 46. h4
g4+ 47. Kg2 Kg6 48. Ra5 Re6 49. Rb5 f6 50. f4 gxf3+ 51. Kxf3 Re5 52. Rb7 Rc5
53. h5+ Kh6 54. Kf4 Rc4+ 55. Kxf5 Rc5+ 56. Kf4 Rxh5 57. Kf3 Rc5 58. Ra7 Rc3+
59. Kf2 f5 60. Ra4 g5 61. Ra5 Kg6 62. Kg2 Rc2+ 63. Kf1 Rd2 64. Kg1 Kf6 65. Kf1
Rb2 66. Rc5 g4 67. Ra5 Rd2 68. Kg1 Ke6 69. Kf1 Rd5 70. Ra8 Ke5 71. Re8+ Kd4 72.
Kf2 Rc5 73. Rd8+ Ke4 74. Re8+ Re5 75. Ra8 Rd5 76. Re8+ Re5 1/2-1/2

[Event "Vladimir Dvorkovich Mem"]
[Site "Taganrog RUS"]
[Date "2015.01.20"]
[Round "3.7"]
[White "Belous, V."]
[Black "Lugovskoy, M."]
[Result "1/2-1/2"]
[WhiteElo "2577"]
[BlackElo "2401"]
[PlyCount "48"]
[EventDate "2015.01.18"]
[EventType "swiss"]
[EventRounds "9"]
[EventCountry "RUS"]

[SourceDate "2015.01.26"]

1. d4 d5 2. c4 e6 3. Nc3 Nf6 4. Bg5 Be7 5. e3 h6 6. Bh4 O-O 7. Rc1 Ne4 8. Bxe7
Qxe7 9. cxd5 Nxc3 10. bxc3 exd5 11. Qb3 Rd8 12. Nf3 b6 13. c4 Be6 14. c5 bxc5
15. Qa3 Nd7 16. Bb5 Qf6 17. Bxd7 Bxd7 18. Rxc5 Bh3 19. O-O Bxg2 20. Kxg2 Qg6+
21. Kh3 Qf5+ 22. Kg3 Qg6+ 23. Kh3 Qf5+ 24. Kg3 Qg6+ 1/2-1/2

[Event "Vladimir Dvorkovich Mem"]
[Site "Taganrog RUS"]
[Date "2015.01.20"]
[Round "3.8"]
[White "Airapetian, G."]
[Black "Shomoev, A."]
[Result "0-1"]
[WhiteElo "2470"]
[BlackElo "2576"]
[PlyCount "88"]
[EventDate "2015.01.18"]
[EventType "swiss"]
[EventRounds "9"]
[EventCountry "RUS"]

[SourceDate "2015.01.26"]

1. d4 g6 2. c4 Bg7 3. e4 c5 4. d5 d6 5. Nf3 e6 6. Nc3 Ne7 7. h3 O-O 8. Bd3 h6
9. O-O Nd7 10. Be3 g5 11. dxe6 fxe6 12. Be2 Ne5 13. Nxe5 Bxe5 14. Bh5 Nc6 15.
Qd2 Bf4 16. Nb5 a6 17. Bxf4 gxf4 18. Nxd6 Nd4 19. e5 Qg5 20. Bg4 h5 21. Bd1
Qxe5 22. Qd3 Kg7 23. Ne4 Bd7 24. Bc2 Be8 25. Nd2 Qf5 26. Qxf5 exf5 27. Bd1 Rd8
28. Bf3 Bf7 29. b3 Rd7 30. Rac1 Re8 31. Rfe1 Rxe1+ 32. Rxe1 Kf6 33. h4 b5 34.
cxb5 axb5 35. Rc1 c4 36. bxc4 bxc4 37. Bd1 Bd5 38. Kf1 Rc7 39. Bxh5 c3 40. Nb3
Bxb3 41. axb3 Nxb3 42. Rc2 Nd4 43. Rc1 c2 44. Bd1 f3 0-1

[Event "Vladimir Dvorkovich Mem"]
[Site "Taganrog RUS"]
[Date "2015.01.21"]
[Round "4.1"]
[White "Shimanov, A."]
[Black "Riazantsev, A."]
[Result "1/2-1/2"]
[WhiteElo "2591"]
[BlackElo "2684"]
[PlyCount "81"]
[EventDate "2015.01.18"]
[EventType "swiss"]
[EventRounds "9"]
[EventCountry "RUS"]

[SourceDate "2015.01.26"]

1. c4 e6 2. g3 d5 3. Bg2 Nf6 4. Nf3 dxc4 5. Qa4+ Nbd7 6. Qxc4 c5 7. Qb3 Rb8 8.
d3 Bd6 9. a4 b6 10. Na3 a6 11. O-O O-O 12. Nc4 Bc7 13. Bd2 Bb7 14. Rfc1 Qe7 15.
Qa3 Nd5 16. d4 Rfc8 17. dxc5 bxc5 18. Ne1 h6 19. Nd3 Ba8 20. Be3 Nxe3 21. Nxe3
Bxg2 22. Kxg2 Be5 23. Rc2 Bd4 24. Nc4 Nb6 25. Rac1 Nxc4 26. Rxc4 Qb7+ 27. Kg1
Bxb2 28. Nxb2 Qxb2 29. Qxb2 Rxb2 30. Rxc5 Rxc5 31. Rxc5 Rxe2 32. Ra5 g5 33. h3
Ra2 34. Rxa6 Kg7 35. Kg2 Ra3 36. a5 h5 37. Ra8 g4 38. hxg4 hxg4 39. a6 Ra1 40.
a7 Kh7 41. Kh2 1/2-1/2

[Event "Vladimir Dvorkovich Mem"]
[Site "Taganrog RUS"]
[Date "2015.01.21"]
[Round "4.2"]
[White "Shomoev, A."]
[Black "Fedoseev, Vl3"]
[Result "1/2-1/2"]
[WhiteElo "2576"]
[BlackElo "2668"]
[PlyCount "131"]
[EventDate "2015.01.18"]
[EventType "swiss"]
[EventRounds "9"]
[EventCountry "RUS"]

[SourceDate "2015.01.26"]

1. e4 g6 2. d4 Bg7 3. Nc3 d6 4. Nf3 Nf6 5. Be3 O-O 6. Qd2 a6 7. Bh6 Bg4 8.
O-O-O Nc6 9. Bxg7 Kxg7 10. Qe3 e6 11. Be2 Qe7 12. h3 Bxf3 13. Bxf3 e5 14. dxe5
dxe5 15. Nd5 Nxd5 16. exd5 Na7 17. h4 h6 18. h5 g5 19. Rhe1 Rfe8 20. c4 Qb4 21.
Be2 b5 22. Bd3 bxc4 23. Qe4 Kf8 24. Bxc4 Nc8 25. Bd3 Qxe4 26. Rxe4 Nd6 27. Ra4
e4 28. Bxa6 Kg7 29. Rd2 Kf6 30. b4 g4 31. Ra5 Kg5 32. Rc2 Re7 33. Be2 Rb8 34.
a3 f5 35. Ra7 f4 36. Rcxc7 Rxc7+ 37. Rxc7 f3 38. gxf3 exf3 39. Bd3 Re8 40. b5
Kf4 41. Rd7 Ke5 42. Rg7 Kd4 43. Kc2 Re5 44. Rxg4+ Kxd5 45. Rf4 Rxh5 46. Rxf3
Kc5 47. a4 Rh4 48. Kb3 Rb4+ 49. Ka3 Rd4 50. Rh3 Kb6 51. Bc2 Ka5 52. Rxh6 Nc4+
53. Kb3 Nb6 54. Kc3 Rf4 55. Rh2 Nxa4+ 56. Bxa4 Rxa4 57. Kd3 Kxb5 58. Rh8 Kc6
59. Rd8 Rf4 60. Ke3 Rf7 61. Rd4 Kc5 62. f4 Re7+ 63. Re4 Kd6 64. Rxe7 Kxe7 65.
f5 Kf6 66. Kf4 1/2-1/2

[Event "Vladimir Dvorkovich Mem"]
[Site "Taganrog RUS"]
[Date "2015.01.21"]
[Round "4.4"]
[White "Kokarev, Dm"]
[Black "Bocharov, D."]
[Result "1/2-1/2"]
[WhiteElo "2645"]
[BlackElo "2569"]
[PlyCount "162"]
[EventDate "2015.01.18"]
[EventType "swiss"]
[EventRounds "9"]
[EventCountry "RUS"]

[SourceDate "2015.01.26"]

1. e4 c5 2. Nf3 e6 3. d4 cxd4 4. Nxd4 a6 5. Bd3 Nf6 6. O-O Qc7 7. Qe2 d6 8. c4
g6 9. Nc3 Bg7 10. Nf3 O-O 11. h3 Nbd7 12. Bg5 b6 13. Rac1 Bb7 14. Rfd1 Rac8 15.
b3 Qb8 16. Bb1 Rfd8 17. Qe3 Ba8 18. Qf4 e5 19. Qd2 Nc5 20. Qe2 h6 21. Bxf6 Bxf6
22. b4 Nd7 23. Nd5 Kg7 24. a3 b5 25. Ba2 Bxd5 26. Rxd5 Nb6 27. Rdd1 bxc4 28.
Bxc4 Nxc4 29. Rxc4 Qb5 30. Rc2 Qxe2 31. Rxe2 Be7 32. Rd5 f5 33. exf5 gxf5 34.
g4 fxg4 35. hxg4 Rc4 36. Nh2 Rdc8 37. Kg2 Kf7 38. Ra5 R8c6 39. b5 axb5 40. Rxb5
Ra4 41. Re3 Rca6 42. Rbb3 Bg5 43. Red3 Ke6 44. f3 Bc1 45. Nf1 Bxa3 46. Ng3 Bc1
47. Ne4 Ra2+ 48. Kf1 Bf4 49. Rd1 Ra1 50. Rxa1 Rxa1+ 51. Ke2 Ra2+ 52. Ke1 Ra1+
53. Ke2 Ra2+ 54. Ke1 Ra6 55. Ke2 Rc6 56. Ra3 d5 57. Ra6 Rxa6 58. Nc5+ Kd6 59.
Nxa6 Bg5 60. Kd3 Bd8 61. Nb4 Ba5 62. Nc2 Bb6 63. Na3 Kc6 64. Nc2 Bc5 65. Ne1
Kd6 66. Ke2 Ke6 67. Nd3 Bd6 68. Nf2 Kf6 69. Nd1 Bc5 70. Nc3 Ke6 71. Kd3 Bd4 72.
Nb5 Bb6 73. Nc3 Ba5 74. Nd1 Bd8 75. Nc3 Bg5 76. Nb5 Bf6 77. Nc7+ Kd6 78. Ne8+
Ke7 79. Nc7 Kd6 80. Ne8+ Ke7 81. Nc7 Kd6 1/2-1/2

[Event "Vladimir Dvorkovich Mem"]
[Site "Taganrog RUS"]
[Date "2015.01.21"]
[Round "4.5"]
[White "Tunik, G."]
[Black "Smirnov, P."]
[Result "1/2-1/2"]
[WhiteElo "2421"]
[BlackElo "2585"]
[PlyCount "98"]
[EventDate "2015.01.18"]
[EventType "swiss"]
[EventRounds "9"]
[EventCountry "RUS"]

[SourceDate "2015.01.26"]

1. d4 Nf6 2. c4 e6 3. Nf3 d5 4. Nc3 dxc4 5. Qa4+ c6 6. Qxc4 b5 7. Qd3 a6 8. e4
c5 9. dxc5 Bxc5 10. Qxd8+ Kxd8 11. Ne5 Ke7 12. Nd3 Bd4 13. a4 bxa4 14. Rxa4 Nc6
15. Be2 Bd7 16. O-O Rhb8 17. Bf4 Rb6 18. Rfa1 h6 19. Bg3 Rc8 20. Rc4 a5 21. h3
g5 22. Bf3 Rb3 23. Bd1 Rb6 24. Ba4 e5 25. Bxc6 Rcxc6 26. Nxe5 Rxc4 27. Nxc4 Rb3
28. Rxa5 Be6 29. Bd6+ Kd7 30. Be5 Bxc3 31. Ra7+ Kc8 32. Bxc3 Nxe4 33. Ne5 Rb7
34. Ra8+ Rb8 35. Rxb8+ Kxb8 36. Bb4 Kb7 37. f3 Nf6 38. Bf8 h5 39. Be7 Nd5 40.
Bc5 f6 41. Nd3 Kc6 42. Bf8 f5 43. Kf2 g4 44. fxg4 fxg4 45. hxg4 hxg4 46. Kg3
Kb5 47. Bh6 Kc4 48. Ne5+ Kb3 49. Nxg4 Kxb2 1/2-1/2

[Event "Vladimir Dvorkovich Mem"]
[Site "Taganrog RUS"]
[Date "2015.01.21"]
[Round "4.6"]
[White "Girya, O."]
[Black "Belous, V."]
[Result "0-1"]
[WhiteElo "2466"]
[BlackElo "2577"]
[PlyCount "76"]
[EventDate "2015.01.18"]
[EventType "swiss"]
[EventRounds "9"]
[EventCountry "RUS"]

[SourceDate "2015.01.26"]

1. d4 d5 2. Nf3 Nf6 3. c4 c6 4. Nc3 a6 5. Qc2 g6 6. e4 dxe4 7. Nxe4 Nxe4 8.
Qxe4 Bg7 9. Be2 Nd7 10. O-O Nf6 11. Qf4 O-O 12. h3 Qa5 13. Bd2 Qf5 14. Qxf5
Bxf5 15. g4 Bc8 16. Be3 Ne4 17. Bd3 Nd6 18. Bg5 f6 19. Bf4 f5 20. g5 c5 21.
Rfe1 Ne4 22. Be5 cxd4 23. Bxg7 Kxg7 24. Bxe4 fxe4 25. Nxd4 e5 26. Nb3 Rf5 27.
Nc5 Rxg5+ 28. Kh2 Rf5 29. Nxe4 Bd7 30. Rad1 Bc6 31. Kg1 Raf8 32. Rd2 Rh5 33.
Ng3 Rxh3 34. Rxe5 Rf4 35. Re3 Kf7 36. b3 h5 37. Rde2 h4 38. Re7+ Kg8 0-1

[Event "Vladimir Dvorkovich Mem"]
[Site "Taganrog RUS"]
[Date "2015.01.21"]
[Round "4.7"]
[White "Maletin, P."]
[Black "Lugovskoy, M."]
[Result "1-0"]
[WhiteElo "2578"]
[BlackElo "2401"]
[PlyCount "133"]
[EventDate "2015.01.18"]
[EventType "swiss"]
[EventRounds "9"]
[EventCountry "RUS"]

[SourceDate "2015.01.26"]

1. c4 e6 2. d4 d5 3. Nc3 Nf6 4. cxd5 exd5 5. Bg5 Be7 6. e3 Nbd7 7. Bd3 c6 8. h3
g6 9. Nf3 O-O 10. Qc2 Re8 11. Bf4 a6 12. O-O Nf8 13. Rab1 Ne6 14. Bh2 Ng7 15.
Qb3 Ra7 16. Bb8 Ra8 17. Be5 Ra7 18. Rbe1 Bf5 19. Bxf5 Nxf5 20. e4 Nxe4 21. Nxe4
dxe4 22. Rxe4 Qd5 23. Qxd5 cxd5 24. Re2 Rc8 25. Bf4 b5 26. Rfe1 Bf8 27. Re5 Rd7
28. Re8 Rdd8 29. Rxd8 Rxd8 30. g4 Ng7 31. Rc1 Ne6 32. Be5 Bg7 33. Bxg7 Kxg7 34.
Rc6 Nf4 35. Kh2 Re8 36. Ne5 Ne6 37. Nf3 Nf4 38. Rxa6 Re2 39. Kg3 Nd3 40. Ra7
Nxf2 41. Ng5 Ne4+ 42. Kf3 Rxb2 43. Nxe4 dxe4+ 44. Kxe4 Kf6 45. h4 Rh2 46. g5+
Kg7 47. d5 Rxh4+ 48. Ke5 Rg4 49. Kd6 Rxg5 50. Kc6 Rg2 51. d6 Rc2+ 52. Kd7 g5
53. Ke8 Re2+ 54. Re7 Rxa2 55. Rxf7+ Kg6 56. d7 Rd2 57. Rf2 Rd4 58. Ke7 Re4+ 59.
Kd6 Rd4+ 60. Ke6 b4 61. Rf8 Rd1 62. d8=Q Rxd8 63. Rxd8 b3 64. Rb8 g4 65. Rxb3
Kg5 66. Ke5 h5 67. Rb8 1-0

[Event "Vladimir Dvorkovich Mem"]
[Site "Taganrog RUS"]
[Date "2015.01.21"]
[Round "4.8"]
[White "Lopukhin, A."]
[Black "Volkov, Sergey1"]
[Result "0-1"]
[WhiteElo "2361"]
[BlackElo "2618"]
[PlyCount "82"]
[EventDate "2015.01.18"]
[EventType "swiss"]
[EventRounds "9"]
[EventCountry "RUS"]

[SourceDate "2015.01.26"]

1. d4 d5 2. Nf3 Nf6 3. e3 c5 4. c3 Nbd7 5. Nbd2 g6 6. b4 b6 7. a4 Bg7 8. Ba3
Qc7 9. Be2 O-O 10. O-O c4 11. b5 Re8 12. Qc2 Bb7 13. Rfe1 h6 14. Bf1 Bf8 15. g3
a6 16. Bb4 Ra7 17. Nh4 Rea8 18. Qb2 Ne4 19. Nhf3 Ndf6 20. Nxe4 Nxe4 21. Ne5 Bg7
22. f4 Bxe5 23. fxe5 Bc8 24. a5 axb5 25. axb6 Qxb6 26. Bxe7 Qc7 27. Bb4 Bf5 28.
Bg2 Qd7 29. Bf3 Ng5 30. Bg2 Be4 31. Rxa7 Rxa7 32. h4 Nf3+ 33. Bxf3 Bxf3 34. Rf1
Be4 35. Kh2 Qg4 36. Bc5 Ra6 37. Qf2 Bf5 38. Qg2 Bd3 39. Re1 g5 40. hxg5 Be4 41.
Qe2 Ra2 0-1

[Event "Vladimir Dvorkovich Mem"]
[Site "Taganrog RUS"]
[Date "2015.01.22"]
[Round "5.1"]
[White "Korneev, O."]
[Black "Riazantsev, A."]
[Result "1/2-1/2"]
[WhiteElo "2591"]
[BlackElo "2684"]
[PlyCount "67"]
[EventDate "2015.01.18"]
[EventType "swiss"]
[EventRounds "9"]
[EventCountry "RUS"]

[SourceDate "2015.01.26"]

1. e4 c6 2. c4 d5 3. exd5 cxd5 4. cxd5 Nf6 5. Nc3 Nxd5 6. Nf3 Nc6 7. d4 Be6 8.
Bb5 Qa5 9. Qa4 Qxa4 10. Bxa4 Nb6 11. Bb5 O-O-O 12. Be3 g6 13. Bxc6 bxc6 14. Ng5
Bc4 15. b3 h6 16. Nf3 Be6 17. Ne5 Kb7 18. Ne4 Bd5 19. Nc5+ Ka8 20. O-O g5 21.
Rac1 f6 22. Ned3 e6 23. Nb4 Bxc5 24. Rxc5 Kb7 25. Rfc1 Rc8 26. R5c3 Rhd8 27. f3
h5 28. Kf2 Rg8 29. a4 a6 30. Nd3 Nd7 31. Nb4 Nb6 32. Nd3 Nd7 33. Nb4 Nb6 34.
Nd3 1/2-1/2

[Event "Vladimir Dvorkovich Mem"]
[Site "Taganrog RUS"]
[Date "2015.01.22"]
[Round "5.2"]
[White "Fedoseev, Vl3"]
[Black "Shimanov, A."]
[Result "1/2-1/2"]
[WhiteElo "2668"]
[BlackElo "2591"]
[PlyCount "105"]
[EventDate "2015.01.18"]
[EventType "swiss"]
[EventRounds "9"]
[EventCountry "RUS"]

[SourceDate "2015.01.26"]

1. e4 e5 2. Nf3 Nc6 3. Bb5 Nf6 4. d3 Bc5 5. O-O d6 6. h3 Bd7 7. c3 Ne7 8. Bxd7+
Qxd7 9. Nbd2 Ng6 10. b4 Bb6 11. Nc4 c6 12. Nxb6 axb6 13. a4 b5 14. a5 O-O 15.
Bg5 Ne8 16. d4 f5 17. exf5 Qxf5 18. dxe5 dxe5 19. Qb3+ Kh8 20. Rad1 e4 21. Nd4
Qxg5 22. Ne6 Qe7 23. Nxf8 Nxf8 24. c4 Qe6 25. Rd4 Nd6 26. Re1 bxc4 27. Qd1 Rd8
28. Rexe4 Qf6 29. Re2 Ng6 30. Re3 Ne5 31. Qa1 Rf8 32. Kh1 h6 33. Rxd6 Qxd6 34.
Qxe5 Qxb4 35. Rg3 Rf7 36. Kh2 Qe7 37. Qd4 Qc7 38. Qc5 Qf4 39. a6 bxa6 40. Qxc6
a5 41. Qa8+ Kh7 42. Qxa5 Qxf2 43. Rg4 Rf4 44. Rg3 Qd4 45. Qe1 Re4 46. Qa5 Rf4
47. Qe1 Re4 48. Qa5 Re5 49. Qb4 Qf4 50. Qd6 Qf6 51. Qd4 Qe6 52. Rg4 Qd5 53.
Qxd5 1/2-1/2

[Event "Vladimir Dvorkovich Mem"]
[Site "Taganrog RUS"]
[Date "2015.01.22"]
[Round "5.3"]
[White "Belous, V."]
[Black "Shomoev, A."]
[Result "1/2-1/2"]
[WhiteElo "2577"]
[BlackElo "2576"]
[PlyCount "86"]
[EventDate "2015.01.18"]
[EventType "swiss"]
[EventRounds "9"]
[EventCountry "RUS"]

[SourceDate "2015.01.26"]

1. e4 c5 2. Nf3 Nc6 3. d4 cxd4 4. Nxd4 Nf6 5. Nc3 e5 6. Ndb5 d6 7. Bg5 a6 8.
Na3 b5 9. Nd5 Be7 10. Bxf6 Bxf6 11. c3 O-O 12. Nc2 Be6 13. Be2 Bg5 14. O-O Ne7
15. Ncb4 a5 16. Nxe7+ Qxe7 17. Nd5 Qb7 18. a3 f5 19. Bf3 Bxd5 20. Qxd5+ Qxd5
21. exd5 Rfc8 22. Be2 Rab8 23. g3 g6 24. Kg2 Kg7 25. Rfd1 Rc7 26. h4 Bf6 27.
Rd2 e4 28. f3 b4 29. axb4 axb4 30. fxe4 bxc3 31. bxc3 fxe4 32. Rc2 Rxc3 33.
Ra7+ Kh6 34. Rxc3 Bxc3 35. Re7 Be5 36. g4 g5 37. h5 Rb2 38. Kf2 Rd2 39. Ke3
Bf4+ 40. Kf2 Rxd5 41. Rxe4 Re5 42. Rxe5 Bxe5 43. Bd3 Kg7 1/2-1/2

[Event "Vladimir Dvorkovich Mem"]
[Site "Taganrog RUS"]
[Date "2015.01.22"]
[Round "5.5"]
[White "Volkov, Sergey1"]
[Black "Gabrielian, A."]
[Result "1/2-1/2"]
[WhiteElo "2618"]
[BlackElo "2554"]
[PlyCount "71"]
[EventDate "2015.01.18"]
[EventType "swiss"]
[EventRounds "9"]
[EventCountry "RUS"]

[SourceDate "2015.01.26"]

1. d4 Nf6 2. c4 c5 3. d5 e6 4. Nc3 exd5 5. cxd5 d6 6. Nf3 g6 7. Nd2 Bg7 8. e4
O-O 9. Be2 Re8 10. O-O Nbd7 11. a4 Ne5 12. Re1 Bg4 13. f3 Bd7 14. Nf1 h5 15.
Bg5 Qb6 16. Qc2 Nh7 17. Be3 f5 18. Bb5 Bxb5 19. axb5 fxe4 20. Nxe4 Rad8 21. b4
Qxb5 22. bxc5 Qc4 23. Qb1 dxc5 24. Rxa7 Qxd5 25. Nxc5 Ng5 26. Kh1 Ngxf3 27. Rc1
Ng4 28. Qxb7 Qxb7 29. Nxb7 Rd7 30. Bc5 Nd4 31. Nd6 Nf2+ 32. Kg1 Rf8 33. Re1
Nh3+ 34. Kh1 Nf2+ 35. Kg1 Nh3+ 36. Kh1 1/2-1/2

[Event "Vladimir Dvorkovich Mem"]
[Site "Taganrog RUS"]
[Date "2015.01.22"]
[Round "5.6"]
[White "Kharchenko, B."]
[Black "Goganov, A."]
[Result "1/2-1/2"]
[WhiteElo "2483"]
[BlackElo "2615"]
[PlyCount "120"]
[EventDate "2015.01.18"]
[EventType "swiss"]
[EventRounds "9"]
[EventCountry "RUS"]

[SourceDate "2015.01.26"]

1. e4 e5 2. Nf3 Nc6 3. d4 exd4 4. Bc4 Nf6 5. O-O Nxe4 6. Re1 d5 7. Bxd5 Qxd5 8.
Nc3 Qa5 9. Nxe4 Be6 10. Neg5 O-O-O 11. Nxe6 fxe6 12. Rxe6 Bd6 13. Bg5 Rde8 14.
Qe2 Kd7 15. Re4 Qf5 16. Re1 Rxe4 17. Qxe4 Qxe4 18. Rxe4 Re8 19. Rxe8 Kxe8 20.
Bd2 h6 21. Kf1 Kf7 22. Ke2 Ke6 23. c3 dxc3 24. Bxc3 g6 25. Nd4+ Nxd4+ 26. Bxd4
Be5 27. Ke3 Kd5 28. Bxe5 Kxe5 29. f4+ Kd5 30. g4 c5 31. b3 b5 32. h3 h5 33. f5
gxf5 34. gxh5 Ke5 35. h6 Kf6 36. h7 Kg7 37. Kf4 c4 38. bxc4 bxc4 39. Ke3 Kxh7
40. Kd4 Kg6 41. Kxc4 Kg5 42. Kd5 Kf4 43. Ke6 Ke4 44. h4 f4 45. h5 f3 46. h6 f2
47. h7 f1=Q 48. h8=Q Qa6+ 49. Kd7 Qb5+ 50. Kc7 Qb6+ 51. Kd7 Kd3 52. Qh3+ Kc2
53. Qg2+ Kb1 54. Qe4+ Kxa2 55. Qc2+ Ka3 56. Qc3+ Qb3 57. Qc5+ Kb2 58. Kc6 Qa4+
59. Qb5+ Ka3 60. Qxa4+ Kxa4 1/2-1/2

[Event "Vladimir Dvorkovich Mem"]
[Site "Taganrog RUS"]
[Date "2015.01.22"]
[Round "5.7"]
[White "Smirnov, P."]
[Black "Zakhartsov, Vl"]
[Result "1-0"]
[WhiteElo "2585"]
[BlackElo "2421"]
[PlyCount "107"]
[EventDate "2015.01.18"]
[EventType "swiss"]
[EventRounds "9"]
[EventCountry "RUS"]

[SourceDate "2015.01.26"]

1. Nf3 Nf6 2. d4 e6 3. c4 b6 4. g3 Ba6 5. Qc2 Bb4+ 6. Bd2 Be7 7. Bg2 c6 8. O-O
d5 9. b3 O-O 10. Rd1 Nbd7 11. Bf4 Ne4 12. Ne5 Nxe5 13. Bxe5 Nd6 14. Nd2 f5 15.
a4 Nb7 16. Qc3 Na5 17. Rac1 Rc8 18. e3 Qd7 19. c5 Nb7 20. b4 Nd8 21. Qc2 Nf7
22. Nf3 bxc5 23. bxc5 Ng5 24. Nxg5 Bxg5 25. Qc3 Bd8 26. Rb1 Bc7 27. Bxc7 Qxc7
28. Rb2 Rb8 29. Rdb1 Rfc8 30. Bf1 Bxf1 31. Kxf1 h6 32. Rb3 Kf7 33. Qb2 Rxb3 34.
Qxb3 Qa5 35. Kg2 Rc7 36. Qb8 Re7 37. Qc8 Qxa4 38. Rb8 Kg6 39. Qd8 Rf7 40. Qd6
Rf6 41. Rb7 Kh7 42. Qe7 Rg6 43. Qf7 f4 44. Rb8 f3+ 45. Kh3 Rg5 46. Qg8+ Kg6 47.
Qxe6+ Kh7 48. Re8 Qd1 49. Qg8+ Kg6 50. Re6+ Kh5 51. Qf7+ g6 52. g4+ Rxg4 53.
Re5+ Rg5 54. Rxg5+ 1-0

[Event "Vladimir Dvorkovich Mem"]
[Site "Taganrog RUS"]
[Date "2015.01.22"]
[Round "5.8"]
[White "Maletin, P."]
[Black "Tunik, G."]
[Result "1-0"]
[WhiteElo "2578"]
[BlackElo "2421"]
[PlyCount "111"]
[EventDate "2015.01.18"]
[EventType "swiss"]
[EventRounds "9"]
[EventCountry "RUS"]

[SourceDate "2015.01.26"]

1. c4 Nf6 2. g3 e5 3. Bg2 d5 4. cxd5 Nxd5 5. Nc3 Nb6 6. d3 Be7 7. Be3 O-O 8.
Rc1 Kh8 9. a3 f6 10. Nf3 Nc6 11. Ne4 Nd5 12. Bc5 b6 13. Bxb6 axb6 14. Rxc6 Bb7
15. Rc1 c5 16. O-O Nc7 17. Nfd2 Ne6 18. Ng5 Nxg5 19. Bxb7 Nh3+ 20. Kh1 Rb8 21.
Bg2 Ng5 22. a4 f5 23. Nc4 Bf6 24. Qb3 g6 25. Qa2 Qe7 26. a5 bxa5 27. Qxa5 Bg7
28. Rc2 e4 29. dxe4 Nxe4 30. e3 h5 31. Kg1 Kh7 32. Rfc1 Ra8 33. Qe1 Rfb8 34. h4
Ra4 35. Qe2 Qe6 36. Bxe4 Qxe4 37. Nd2 Qa8 38. b3 Ra2 39. Nf3 Rxc2 40. Ng5+ Kh6
41. Qxc2 Qd5 42. Qc4 Qxc4 43. bxc4 Bf6 44. Ne6 Be7 45. Rd1 Rb6 46. Nf4 Bd6 47.
Nd5 Ra6 48. Rb1 g5 49. hxg5+ Kxg5 50. Kg2 Kg6 51. Rb7 Be5 52. Re7 Bg7 53. Nf4+
Kf6 54. Rc7 Bf8 55. Nxh5+ Ke5 56. Nf4 1-0

[Event "Vladimir Dvorkovich Mem"]
[Site "Taganrog RUS"]
[Date "2015.01.23"]
[Round "6.1"]
[White "Fedoseev, Vl3"]
[Black "Korneev, O."]
[Result "1-0"]
[WhiteElo "2668"]
[BlackElo "2591"]
[PlyCount "91"]
[EventDate "2015.01.18"]
[EventType "swiss"]
[EventRounds "9"]
[EventCountry "RUS"]

[SourceDate "2015.01.26"]

1. d4 d5 2. c4 c6 3. Nf3 Nf6 4. Nc3 e6 5. Bg5 h6 6. Bh4 dxc4 7. e4 g5 8. Bg3 b5
9. Be2 Bb7 10. O-O Nbd7 11. Ne5 Bg7 12. Nxd7 Nxd7 13. Bd6 Bf8 14. Bxf8 Rxf8 15.
e5 f5 16. b3 b4 17. Bxc4 bxc3 18. Qh5+ Rf7 19. Bxe6 Qe7 20. Bc4 Kf8 21. Qxh6+
Kg8 22. Rac1 Nb6 23. Bxf7+ Qxf7 24. Rxc3 Qg7 25. Qe6+ Qf7 26. Qd6 Re8 27. Rg3
g4 28. f3 Nd5 29. fxg4 f4 30. Rh3 Qe6 31. Rh6 Qxd6 32. Rxd6 Re7 33. g5 Kg7 34.
h4 Bc8 35. h5 Bg4 36. h6+ Kh7 37. Rc1 Bd7 38. Rxd5 cxd5 39. Rc7 Rf7 40. Rxa7
Kg6 41. a4 Bf5 42. Rxf7 Kxf7 43. a5 Bd3 44. Kf2 Kg6 45. e6 Kxg5 46. e7 1-0

[Event "Vladimir Dvorkovich Mem"]
[Site "Taganrog RUS"]
[Date "2015.01.23"]
[Round "6.2"]
[White "Riazantsev, A."]
[Black "Belous, V."]
[Result "1-0"]
[WhiteElo "2684"]
[BlackElo "2577"]
[PlyCount "63"]
[EventDate "2015.01.18"]
[EventType "swiss"]
[EventRounds "9"]
[EventCountry "RUS"]

[SourceDate "2015.01.26"]

1. d4 Nf6 2. c4 g6 3. Nc3 Bg7 4. e4 d6 5. Be2 O-O 6. Be3 Na6 7. Qd2 e5 8. d5
Nc5 9. f3 a5 10. g4 a4 11. O-O-O Bd7 12. h4 a3 13. b3 c6 14. Kb1 cxd5 15. cxd5
Qa5 16. Rc1 b5 17. Nd1 Qxd2 18. Bxd2 h5 19. g5 Nfxe4 20. fxe4 Nxe4 21. Be1 Bf5
22. Rc2 Nc5 23. Ne3 Bxc2+ 24. Kxc2 Rfc8 25. Bxb5 e4 26. Bc6 Nd3 27. Bc3 Bxc3
28. Kxc3 Ra5 29. Ne2 Rc5+ 30. Kd2 Nb4 31. Nc3 Nxc6 32. dxc6 1-0

[Event "Vladimir Dvorkovich Mem"]
[Site "Taganrog RUS"]
[Date "2015.01.23"]
[Round "6.3"]
[White "Shimanov, A."]
[Black "Bocharov, D."]
[Result "1/2-1/2"]
[WhiteElo "2591"]
[BlackElo "2569"]
[PlyCount "80"]
[EventDate "2015.01.18"]
[EventType "swiss"]
[EventRounds "9"]
[EventCountry "RUS"]

[SourceDate "2015.01.26"]

1. d4 d6 2. Nf3 Nf6 3. g3 g6 4. Bg2 Bg7 5. O-O O-O 6. c4 Nc6 7. Nc3 e5 8. dxe5
Nxe5 9. Nxe5 dxe5 10. Qxd8 Rxd8 11. Bg5 Rd4 12. Nd5 Nxd5 13. cxd5 e4 14. Rfd1
Bf5 15. Rxd4 Bxd4 16. Rc1 Be5 17. Kf1 a5 18. Ke1 b6 19. Bf4 Bxf4 20. gxf4 Rd8
21. Rxc7 Rxd5 22. b3 b5 23. a3 Be6 24. Ra7 b4 25. axb4 axb4 26. Rb7 Rd4 27. e3
Rd3 28. Rxb4 f5 29. Rb8+ Kg7 30. Rb7+ Kh6 31. Bf1 Rxb3 32. Rxb3 Bxb3 33. Be2
Kg7 34. Kd2 Kf6 35. h4 h6 36. Kc3 Bf7 37. Kd4 Be6 38. Bd1 Bf7 39. Be2 Be6 40.
Bd1 Bf7 1/2-1/2

[Event "Vladimir Dvorkovich Mem"]
[Site "Taganrog RUS"]
[Date "2015.01.23"]
[Round "6.4"]
[White "Shomoev, A."]
[Black "Smirnov, P."]
[Result "1/2-1/2"]
[WhiteElo "2576"]
[BlackElo "2585"]
[PlyCount "80"]
[EventDate "2015.01.18"]
[EventType "swiss"]
[EventRounds "9"]
[EventCountry "RUS"]

[SourceDate "2015.01.26"]

1. d4 d5 2. c4 c6 3. Nc3 Nf6 4. e3 e6 5. Nf3 a6 6. Bd3 dxc4 7. Bxc4 b5 8. Be2
c5 9. O-O Bb7 10. dxc5 Qxd1 11. Rxd1 Bxc5 12. Nd2 Nbd7 13. Nb3 Bb4 14. a4 bxa4
15. Rxa4 a5 16. Bd2 O-O 17. Raa1 Rfc8 18. Nb5 Rc2 19. Bxb4 axb4 20. Rxa8+ Bxa8
21. Rd2 Rxd2 22. Nxd2 Ne4 23. Nxe4 Bxe4 24. f3 Bb7 25. Nd4 Nc5 26. Nc2 b3 27.
Nd4 Na4 28. Nxb3 Nxb2 29. Na5 Ba8 30. Nc4 Nxc4 31. Bxc4 Kf8 32. h4 h6 33. Kf2
Ke7 34. Bd3 Bc6 35. f4 Bd7 36. g4 Bc6 37. g5 hxg5 38. fxg5 f6 39. Kg3 fxg5 40.
hxg5 Kd6 1/2-1/2